[Event "Kragero op"]
[Site "Kragero"]
[Date "2022.02.24"]
[Round "3"]
[White "Johannessen, Martin T"]
[Black "Lye, Sigurd"]
[Result "1-0"]
[WhiteElo "1629"]
[BlackElo "1810"]
[PlyCount "87"]
[EventDate "2022.02.23"]
[EventType "swiss"]
[EventRounds "9"]
[EventCountry "NOR"]
[SourceTitle "EXT 2023"]
[Source "ChessBase"]
[SourceDate "2022.10.05"]
[SourceVersion "1"]
[SourceVersionDate "2022.10.05"]
[SourceQuality "1"]

1. d4 Nf6 2. c4 e6 3. Nc3 Bb4 4. Bf4 d5 5. e3 0-0 6. Nf3 c5 7. Be2 Nc6 8. 0-0 cxd4 9. Nxd4 Bd6 10. cxd5 Nxd4 11. Qxd4 Bxf4 12. exf4 exd5 13. Bf3 Be6 14. Rfd1 Qd7 15. Rd2 Rfd8 16. Rad1 Qe8 17. Qe5 Nd7 18. Qe3 Nb6 19. b3 Qc6 20. f5 Bxf5 21. Nxd5 Nxd5 22. Bxd5 Qe8 23. Qf3 Bg6 24. Re2 Qf8 25. Rde1 Rab8 26. Bxb7 Bd3 27. Re7 Bg6 28. Bc6 Rbc8 29. h3 a5 30. R1e3 h6 31. Qe2 Kh7 32. Be4 Rc1+ 33. Kh2 Bxe4 34. R3xe4 Rdd1 35. Qf3 Rh1+ 36. Kg3 Qb8+ 37. Qf4 Rc3+ 38. f3 Qb6 39. Qxf7 Qd6+ 40. Rf4 Rxf3+ 41. gxf3 Rg1+ 42. Kh4 Qxf4+ 43. Qxf4 Kh8 44. Qg4 1-0

[Event "Sandefjord GP Group-A"]
[Site "Sandefjord"]
[Date "2006.10.14"]
[Round "3"]
[White "Johannessen, Martin T"]
[Black "Elvebakk, Jan"]
[Result "0-1"]
[WhiteElo "1490"]
[BlackElo "1789"]
[PlyCount "120"]
[EventDate "2006.10.13"]
[EventType "swiss"]
[EventRounds "5"]
[EventCountry "NOR"]
[SourceTitle "EXT 2009"]
[Source "ChessBase"]
[SourceDate "2008.11.26"]
[SourceVersion "1"]
[SourceVersionDate "2008.11.26"]
[SourceQuality "1"]

1. d4 b5 2. Bg5 Bb7 3. e3 h6 4. Bh4 Nf6 5. Bxf6 exf6 6. Nf3 a6 7. c4 bxc4 8. Bxc4 d5 9. Be2 Bd6 10. 0-0 0-0 11. Qc2 Re8 12. Nbd2 g6 13. a3 f5 14. Rfe1 Nd7 15. b4 f4 16. Bd3 fxe3 17. fxe3 f5 18. Nb3 Qf6 19. Na5 Bc8 20. Qc6 Ra7 21. Qxd5+ Kh7 22. e4 Nb6 23. Qc6 Bd7 24. Qc2 fxe4 25. Bxe4 c6 26. Nb3 Nd5 27. Bxd5 Rxe1+ 28. Rxe1 cxd5 29. Ne5 Bf5 30. Qf2 Qg5 31. Nc5 Rc7 32. Qa2 Bc8 33. Qxd5 Bxc5 34. bxc5 Bb7 35. Qa2 Qh4 36. Qf2 Qd8 37. c6 Bc8 38. Nd7 Kg7 39. Ne5 Qd6 40. Qe3 a5 41. Qc3 Re7 42. Nf3 Rf7 43. d5+ Kh7 44. Qxa5 Qf4 45. Qd2 Qd6 46. Rd1 Bg4 47. Rf1 Rf5 48. Nh4 Qc5+ 49. Rf2 Rxd5 50. Qxd5 Qxd5 51. h3 Bf5 52. Nxf5 gxf5 53. c7 Qd1+ 54. Rf1 Qd4+ 55. Rf2 Qc5 56. a4 Kg6 57. g3 Qxc7 58. Kg2 Qc6+ 59. Rf3 Qxa4 60. h4 Qc2+ 0-1

[Event "Sandefjord MGP"]
[Site "Sandefjord"]
[Date "2003.10.18"]
[Round "2"]
[White "Johannessen, Martin T"]
[Black "Getz, Nicolai"]
[Result "1/2-1/2"]
[WhiteElo "992"]
[BlackElo "1231"]
[PlyCount "61"]
[EventDate "2003.10.??"]
[EventType "swiss"]
[EventRounds "4"]
[EventCountry "NOR"]
[SourceTitle "EXT 2005"]
[Source "ChessBase"]
[SourceDate "2004.11.15"]
[SourceVersion "1"]
[SourceVersionDate "2004.11.15"]
[SourceQuality "1"]

1. d4 Nf6 2. c4 g6 3. Nc3 Bg7 4. Nf3 d6 5. e4 0-0 6. Be3 Bg4 7. d5 Nbd7 8. h3 Bxf3 9. Qxf3 Ne5 10. Qd1 e6 11. Bd3 exd5 12. cxd5 c6 13. 0-0 c5 14. f4 Nxd3 15. Qxd3 Re8 16. Rfe1 Rc8 17. b3 Nxe4 18. Nxe4 Bxa1 19. Rxa1 a6 20. Ng3 Rc7 21. f5 Qf6 22. Rf1 Rce7 23. Re1 Qh4 24. Kh2 gxf5 25. Qd2 f4 26. Nf5 fxe3 27. Rxe3 Qf6 28. Nxe7+ Rxe7 29. Rg3+ Kf8 30. Qa5 Re2 31. a4 1/2-1/2

[Event "Sandefjord MGP"]
[Site "Sandefjord"]
[Date "2003.10.17"]
[Round "4"]
[White "Johannessen, Martin T"]
[Black "Aandal, Kristian"]
[Result "1/2-1/2"]
[WhiteElo "992"]
[BlackElo "1228"]
[PlyCount "64"]
[EventDate "2003.10.??"]
[EventType "swiss"]
[EventRounds "4"]
[EventCountry "NOR"]
[SourceTitle "EXT 2005"]
[Source "ChessBase"]
[SourceDate "2004.11.15"]
[SourceVersion "1"]
[SourceVersionDate "2004.11.15"]
[SourceQuality "1"]

1. d4 d5 2. c4 e6 3. e3 Nf6 4. Nf3 Nbd7 5. Nc3 b6 6. a3 Bb7 7. Bd2 c5 8. cxd5 Nxd5 9. Nxd5 Bxd5 10. Bb5 Bd6 11. dxc5 Bxc5 12. Ne5 a6 13. Bxd7+ Kf8 14. Bc6 Bxc6 15. Nxc6 Qd5 16. Qf3 Qd6 17. Nb4 Rd8 18. Rd1 a5 19. Bc3 Qxd1+ 20. Qxd1 Rxd1+ 21. Kxd1 axb4 22. Bxb4 Bxb4 23. axb4 Ke7 24. Ke2 Rc8 25. Kd3 Kd6 26. Ra1 Rc7 27. Ra3 e5 28. Rc3 Ra7 29. b5 Rc7 30. Rxc7 Kxc7 31. Ke4 Kd6 32. b4 g6 1/2-1/2